Economic development of the Soviet Union, (Record no. 84720)

MARC details
000 -LEADER
fixed length control field 00804cam a2200277 4500
001 - CONTROL NUMBER
control field sa 68012746
003 - CONTROL NUMBER IDENTIFIER
control field DLC
005 - DATE AND TIME OF LATEST TRANSACTION
control field 20260227112614.0
008 - FIXED-LENGTH DATA ELEMENTS--GENERAL INFORMATION
fixed length control field 691024s1966 pk b 00010 eng
010 ## - LIBRARY OF CONGRESS CONTROL NUMBER
LC control number sa 68012746 //r922
025 ## - OVERSEAS ACQUISITION NUMBER
Overseas acquisition number PL480:EP-E-390
040 ## - CATALOGING SOURCE
Original cataloging agency DLC
Transcribing agency DLC
Modifying agency DLC
050 00 - LIBRARY OF CONGRESS CALL NUMBER
Classification number HC335
Item number .A652
082 00 - DEWEY DECIMAL CLASSIFICATION NUMBER
Classification number 338.947
100 10 - MAIN ENTRY--PERSONAL NAME
Personal name Ali, A.
245 10 - TITLE STATEMENT
Title Economic development of the Soviet Union,
Statement of responsibility, etc. by A. Ali, A. Zaman [and] A. Baset.
250 ## - EDITION STATEMENT
Edition statement [1st ed.]
260 0# - PUBLICATION, DISTRIBUTION, ETC.
Place of publication, distribution, etc. Dacca,
Name of publisher, distributor, etc. Ideal Library
Date of publication, distribution, etc. [1966]
300 ## - PHYSICAL DESCRIPTION
Extent vi (i.e. iv) 127 p.
Dimensions 22 cm.
350 ## - PRICE (NR) (BK AM CF MU VM SE) [OBSOLETE]
Price 5.00
490 0# - SERIES STATEMENT
Series statement Economic development series, no. 1
504 ## - BIBLIOGRAPHY, ETC. NOTE
Bibliography, etc. note Bibliography: p. [123]
651 #0 - SUBJECT ADDED ENTRY--GEOGRAPHIC NAME
Geographic name Soviet Union
General subdivision Economic policy.
700 10 - ADDED ENTRY--PERSONAL NAME
Personal name Zaman, A.,
Relator term joint author.
700 10 - ADDED ENTRY--PERSONAL NAME
Personal name Baset, A.,
Relator term joint author.

No items available.

Powered by Koha